000 00701nam a2200241 a 4500
001 000021849
005 20260318114930.0
008 100913s1995 sp 000 j spa d
020 _a8420646741
040 _aDO-SdBNP
_bspa
_cBNPHU
082 _aA863.42
_bA725n
100 1 _aArlt, Roberto,
_d1900-1942
_915634
245 1 0 _aNoche terrible ; una tarde de domingo /
_cRoberto Arlt.
260 _aMadrid :
_bAlianza,
_c1995.
300 _a63, [1] p. ;
_c15 cm.
490 1 _aAlianza cien
_v74
650 4 _aCuentos argentinos
_93752
650 4 _aLiteratura argentina
_ySIGLO XX
_914711
740 0 _aUna tarde de domingo.
830 0 _aAlianza cien ;
_v74
_912832
910 _aWM
049 _aBNGR
999 _c21347
_d21347